000 00695nam a2200205 i 4500
001 130738
003 ES-MaACL
005 20230906193828.0
007 t|
008 070807s1955 fr ||||1| fre d
080 _a725.821(443.611)(091)
100 1 _aLejeune, André.
_971419
245 1 4 _aLes quinze salles de l'Opera de Paris, 1669-1955 /
_cAndré Lejeune et Stephane Wolff.
260 _aParis :
_bLibrairie Théatrale,
_c[1955]
300 _a61 p. ;
_c19 cm.
610 2 _aOpéra national de Paris.
_915716
650 4 _aÓpera-
_zParís-
_xHistoria.
_915715
700 1 _aWolff, Stéphane.
_9117264
852 4 _aES-MaACL
_jE-11918
_9R.139834
_z. - Biblioteca Jacinto Martínez Lacalle
999 _c130738
_d130738